NURSING COMMUNICATION & TECHNOLOGY (Record no. 6827)

MARC details
000 -LEADER
fixed length control field 00294nam a2200121Ia 4500
082 ## - DEWEY DECIMAL CLASSIFICATION NUMBER
Classification number 610.734
Item number N10R
100 ## - MAIN ENTRY--PERSONAL NAME
Personal name R. PROMILAA
245 ## - TITLE STATEMENT
Title NURSING COMMUNICATION & TECHNOLOGY
260 ## - PUBLICATION, DISTRIBUTION, ETC. (IMPRINT)
Name of publisher, distributor, etc JAYPEE MEDICAL PUB.
Year of Publication 2010
300 ## - PAGE DESCRIPTION
No. of Pages 464
650 ## - SUBJECT ADDED ENTRY--TOPICAL TERM
Topical term or geographic name as entry element COMMUNICATION & EDUCATION
942 ## - ADDED ENTRY ELEMENTS (KOHA)
Source of classification or shelving scheme Dewey Decimal Classification
Koha item type Books
942 ## - ADDED ENTRY ELEMENTS (KOHA)
-- 20
Holdings
Withdrawn status Lost status Source of classification or shelving scheme Damaged status Not for loan Collection code Home library Current library Shelving location Date acquired Vendor Name Cost, normal purchase price SGTU Bill Number Total Checkouts Full call number Accession No. (Barcode) Date last seen Date last borrowed Bill Date Koha item type
    Dewey Decimal Classification     NURSING SGT Medical Library SGT Medical Library Text Book 02/07/2015 ABC DELHI 350.00 SGTU 5533 21 610.734 N10R FN2801 05/02/2020 16/01/2020 25/03/2015 Books
    Dewey Decimal Classification     NURSING SGT Medical Library SGT Medical Library Text Book 02/07/2015 ABC DELHI 350.00 SGTU 5533 31 610.734 N10R FN2802 05/02/2024 20/01/2024 25/03/2015 Books
    Dewey Decimal Classification     NURSING SGT Medical Library SGT Medical Library Text Book 02/07/2015 ABC DELHI 350.00 SGTU 5533 19 610.734 N10R FN2803 25/01/2025 07/01/2025 25/03/2015 Books
    Dewey Decimal Classification     NURSING SGT Medical Library SGT Medical Library Text Book 02/07/2015 ABC DELHI 350.00 SGTU 5533 25 610.734 N10R FN2804 13/09/2024 13/09/2024 25/03/2015 Books
    Dewey Decimal Classification     NURSING SGT Medical Library SGT Medical Library Text Book 02/07/2015 ABC DELHI 350.00 SGTU 5533 49 610.734 N10R FN2805 23/01/2025 21/01/2025 25/03/2015 Books